How to manage behaviour in further education. (2nd ed.) (Record no. 76376)
[ view plain ]
| 000 -LEADER | |
|---|---|
| fixed length control field | 00933nam a2200217 a 4500 |
| 008 - FIXED-LENGTH DATA ELEMENTS--GENERAL INFORMATION | |
| fixed length control field | 130426s2012 ||||||||||||||||| || u |
| 020 ## - INTERNATIONAL STANDARD BOOK NUMBER | |
| International Standard Book Number | 9781446202838 |
| 050 ## - LIBRARY OF CONGRESS CALL NUMBER | |
| Classification number | LB 1060.2 Viz |
| 100 ## - MAIN ENTRY--PERSONAL NAME | |
| Personal name | Vizard, Dave |
| 245 10 - TITLE STATEMENT | |
| Title | How to manage behaviour in further education. (2nd ed.) |
| Statement of responsibility, etc. | by Dave Vizard |
| 250 ## - EDITION STATEMENT | |
| Edition statement | 2nd ed. |
| 260 ## - PUBLICATION, DISTRIBUTION, ETC. | |
| Place of publication, distribution, etc. | London: |
| Name of publisher, distributor, etc. | SAGE Publications |
| Date of publication, distribution, etc. | 2012 |
| 300 ## - PHYSICAL DESCRIPTION | |
| Extent | vii, 157 pages : illustrations |
| 350 ## - | |
| -- | 45.00 |
| 500 ## - GENERAL NOTE | |
| General note | Includes references |
| 650 ## - SUBJECT ADDED ENTRY--TOPICAL TERM | |
| Topical term or geographic name entry element | PROBLEM YOUTH--BEHAVIOUR MODIFICATION |
| 650 #0 - SUBJECT ADDED ENTRY--TOPICAL TERM | |
| Topical term or geographic name entry element | CLASSROOM MANAGEMENT |
| 650 ## - SUBJECT ADDED ENTRY--TOPICAL TERM | |
| Topical term or geographic name entry element | MOTIVATION IN ADULT EDUCATION |
| 995 ## - | |
| -- | MAIN LIBRARY OPEN ACCESS |
| -- | 744124 |
| -- | CBU-MAIN LIBRARY (Kitwe) |
| -- | LB 1060.2 Viz |
| -- | 1 |
| -- | AVAILABLE |
| -- | Jun 20, 2013 |
| -- | 744124 |
| -- | Main Library Open Access Collection |
| 995 ## - | |
| -- | MAIN LIBRARY OPEN ACCESS |
| -- | 745526 |
| -- | CBU-MAIN LIBRARY (Kitwe) |
| -- | 45.00 |
| -- | LB 1060.2 Viz |
| -- | 3 |
| -- | AVAILABLE |
| -- | Jul 14, 2015 |
| -- | 745526 |
| -- | Main Library Open Access Collection |
| 999 ## - | |
| -- | 76376 |
| -- | 76376 |
| Withdrawn status | Lost status | Source of classification or shelving scheme | Damaged status | Not for loan | Permanent Location | Current Location | Shelving location | Date acquired | Total Checkouts | Full call number | Barcode | Date last seen | Date last checked out | Copy number | Price effective from | Koha item type |
|---|---|---|---|---|---|---|---|---|---|---|---|---|---|---|---|---|
| CBU-MAIN LIBRARY, KITWE. | CBU-MAIN LIBRARY, KITWE. | 04/25/2023 | 1 | LB 1060.2 Viz | 744124 | 07/19/2024 | 05/21/2024 | 1 | 04/25/2023 | MONOGRAPH | ||||||
| CBU-MAIN LIBRARY, KITWE. | CBU-MAIN LIBRARY, KITWE. | 04/25/2023 | LB 1060.2 Viz | 745526 | 04/25/2023 | 2 | 04/25/2023 | MONOGRAPH |